El desengaño del hombre /

El desengaño del hombre, publicado por primera vez en 1794, es una de las primeras obras en español que puso en duda la legalidad de la monarquía, al argumentar que es un sistema antinatural, pues contraviene las leyes divinas y humanas, además de atentar contra la libertad, derecho inalienable e ir...

Full description

Bibliographic Details
Main Author: Puglia, James Philip
Other Authors: Saborit, Antonio (ed.)
Format: Libro
Language:Spanish
Published: México Fondo de Cultura Económica 2014
Series:Obras de historia
Subjects:
Online Access:

MARC

LEADER 00000cam a2200000 a 4500
001 007031
003 UAHC_CL
005 20170803120316.0
008 150427s2014 mx 000 spa
020 |a 9786071622198 
040 |a UAHC_CL  |c UAHC_CL  |d UAHC_CL 
082 0 4 |a 320.1  |b P9787  |2 20 
100 1 |a Puglia, James Philip 
245 1 3 |a El desengaño del hombre /  |c Santiago Felipe Puglia ; edición e introducción Antonio Saborit. 
260 |b Fondo de Cultura Económica  |a México  |c 2014 
300 |a xlix, 132 p. 
490 0 |a Obras de historia 
520 |a El desengaño del hombre, publicado por primera vez en 1794, es una de las primeras obras en español que puso en duda la legalidad de la monarquía, al argumentar que es un sistema antinatural, pues contraviene las leyes divinas y humanas, además de atentar contra la libertad, derecho inalienable e irrenunciable del hombre. Esta edición, realizada por Antonio Saborit, incluye un estudio introductorio y notas que hacen asequible la lectura de la obra. 
650 4 |a Monarquía  |z Europa  |y Siglo 18 
653 |a CIENCIAS POLITICAS 
653 |a LICENCIATURA EN HISTORIA 
700 1 |a Saborit, Antonio  |e ed. 
900 |a 320.1 PUG 
942 |c BK 
952 |0 0  |1 0  |4 0  |6 320_100000000000000_PUG  |7 0  |8 General  |9 15325  |a BC  |b BC  |c General  |d 2017-08-03  |l 0  |o 320.1 PUG  |p 1430102  |r 2026-01-13 00:00:00  |t 1  |w 2017-08-03  |y BK 
999 |c 7031  |d 7031